000 00304nam a22001337a 4500
008 180927b xxu||||| |||| 00| 0 eng d
020 _a9780697289018
041 _aeng
080 _27 ED
_a370
100 _a48
101 _aEDU
245 _aNews Reporting And Writing
_cMelvin.M
942 _2udc
_cBK
999 _c48549
_d48549